La revelación de Dios en la realización del hombre

שמור ב:
מידע ביבליוגרפי
מחבר ראשי: Torres Queiruga, Andrés (Author)
פורמט: ספר
שפה:ספרדית
יצא לאור: Madrid Ediciones Cristiandad 1987
מהדורה:1a. ed
סדרה:Academia Christiana, 36
נושאים:
תגים: הוספת תג
אין תגיות, היה/י הראשונ/ה לתייג את הרשומה!

MARC

LEADER 00000cam a2200000 a 4500
001 UCE7598
003 CL-VaPUC
008 150626e19870000sp |||||||||||||||||spa|d
020 |a 8470573985 
082 0 4 |a 212  |b TOR  |2 21 
100 0 |a Torres Queiruga, Andrés  |e author  |9 580270 
245 1 3 |a La revelación de Dios en la realización del hombre 
250 |a 1a. ed 
300 |a 505 p 
942 |c BK 
945 |d 20150626 15:30:00  |a gsalatino 
260 |a Madrid  |b Ediciones Cristiandad  |c 1987 
650 0 |a Cristología   |9 315091 
650 0 |a Teología cristiana  |9 308336 
583 |a last modification  |c 20150626 15:30:00  |k Rodrigo Vera 
490 0 |a Academia Christiana, 36 
999 |c 359653  |d 359651 
952 |0 0  |1 0  |3 erb  |4 0  |6 212_000000000000000_TOR_1987  |7 0  |8 A  |9 469047  |a BIBTEO  |b BIBTEO  |e Casale Rolle, Carlos Ignacio, -2014  |i 5181348  |o 212 TOR 1987  |p 5181348  |r 2025-01-17  |w 2019-11-23  |x Descarte 2019  |y BK  |z Catalogado en:20150626  |k ICR